Normal view
MARC view
Entry Personal Name
001 - CONTROL NUMBER
- control field: 853997
003 - CONTROL NUMBER IDENTIFIER
- control field: OSt
005 - DATE AND TIME OF LATEST TRANSACTION
- control field: 20251203111101.0
008 - FIXED-LENGTH DATA ELEMENTS
- fixed length control field: 251203|| aca||aabn | a|a d
040 ## - CATALOGING SOURCE
- Original cataloging agency: OSt
- Transcribing agency: OSt
100 ## - HEADING--PERSONAL NAME
- Personal name: Zarok, Al-Hussain
670 ## - SOURCE DATA FOUND
- Source citation: Work cat.: (OSt)1465771: Zarok, Al-Hussain, Nasusunnaqad al-adabi, 2011
